<?xml version="1.0" encoding="UTF-8"?>
<record
    xmlns:xsi="http://www.w3.org/2001/XMLSchema-instance"
    xsi:schemaLocation="http://www.loc.gov/MARC21/slim http://www.loc.gov/standards/marcxml/schema/MARC21slim.xsd"
    xmlns="http://www.loc.gov/MARC21/slim">

  <leader>00449nam a2200169   4500</leader>
  <datafield tag="999" ind1=" " ind2=" ">
    <subfield code="c">52439</subfield>
    <subfield code="d">52439</subfield>
  </datafield>
  <controlfield tag="001">KS201806241003bd</controlfield>
  <controlfield tag="003">CH-000902-1</controlfield>
  <controlfield tag="005">20180624102440.0</controlfield>
  <controlfield tag="008">      t1910    sz                  ger  </controlfield>
  <datafield tag="040" ind1=" " ind2=" ">
    <subfield code="c">KS Beda</subfield>
  </datafield>
  <datafield tag="100" ind1="1" ind2=" ">
    <subfield code="a">Kaeser, Johann</subfield>
    <subfield code="9">29648</subfield>
  </datafield>
  <datafield tag="245" ind1="1" ind2="0">
    <subfield code="a">Ratschl&#xE4;ge f&#xFC;r Tuberkul&#xF6;se und solche, die es nicht werden wollen /</subfield>
    <subfield code="c">J. Kaeser</subfield>
  </datafield>
  <datafield tag="250" ind1=" " ind2=" ">
    <subfield code="a">2. Aufl.</subfield>
  </datafield>
  <datafield tag="260" ind1=" " ind2=" ">
    <subfield code="a">Bern,</subfield>
    <subfield code="c">1910</subfield>
  </datafield>
  <datafield tag="300" ind1=" " ind2=" ">
    <subfield code="a">15 S.</subfield>
  </datafield>
  <datafield tag="942" ind1=" " ind2=" ">
    <subfield code="2">ddc</subfield>
    <subfield code="c">BK</subfield>
  </datafield>
  <datafield tag="952" ind1=" " ind2=" ">
    <subfield code="0">0</subfield>
    <subfield code="1">0</subfield>
    <subfield code="2">z</subfield>
    <subfield code="4">0</subfield>
    <subfield code="7">0</subfield>
    <subfield code="a">KB</subfield>
    <subfield code="b">KB</subfield>
    <subfield code="d">2010-08-14</subfield>
    <subfield code="l">0</subfield>
    <subfield code="o">21/20 b, 6</subfield>
    <subfield code="p">KSB0091305</subfield>
    <subfield code="r">2010-08-14 00:00:00</subfield>
    <subfield code="w">2010-08-14</subfield>
    <subfield code="y">BK</subfield>
  </datafield>
  <datafield tag="952" ind1=" " ind2=" ">
    <subfield code="0">0</subfield>
    <subfield code="1">0</subfield>
    <subfield code="2">z</subfield>
    <subfield code="4">0</subfield>
    <subfield code="7">0</subfield>
    <subfield code="a">KB</subfield>
    <subfield code="b">KB</subfield>
    <subfield code="d">2010-08-14</subfield>
    <subfield code="l">0</subfield>
    <subfield code="o">21/ 29, 2</subfield>
    <subfield code="p">KSB00117279</subfield>
    <subfield code="r">2010-08-14 00:00:00</subfield>
    <subfield code="w">2010-08-14</subfield>
    <subfield code="y">BK</subfield>
  </datafield>
</record>
